[Event "2. BUNDESLIGA MITTE 2019/2020"]
[Site "St. Veit"]
[Date "2020.01.10"]
[Round "7"]
[Board "4"]
[White "Schnider, Gert"]
[Black "Dietmayer-Kraeutler, Marco"]
[Result "1/2-1/2"]
[WhiteElo "2423"]
[BlackElo "2342"]
[PlyCount "109"]
[EventDate "2019.10.11"]
[EventType "team"]
[EventRounds "11"]
[EventCountry "AUT"]
[WhiteTeam "SC Pinggau-Friedberg"]
[BlackTeam "SV Aspernig Transporte St. Veit 2"]

1. e4 e5 2. Nf3 Nc6 3. Bb5 a6 4. Ba4 Nf6 5. O-O Be7 6. Re1 b5 7. Bb3 d6 8. c3
Na5 9. Bc2 c5 10. d4 cxd4 11. cxd4 Nc6 12. h3 O-O 13. Nc3 Bb7 14. d5 Nb8 15.
Ne2 Nbd7 16. Ng3 g6 17. Bh6 Re8 18. Qd2 a5 19. Be3 Qb8 20. Bd3 b4 21. a3 Nc5
22. Bxc5 dxc5 23. Nf1 Nd7 24. Ne3 Nb6 25. Nc4 Nxc4 26. Bxc4 Bf8 27. Qe3 Qd6 28.
Rac1 Bc8 29. Bb5 Bd7 30. Bxd7 Qxd7 31. Nd2 f5 32. Nb3 c4 33. Nd2 f4 34. Qe2 c3
35. bxc3 bxa3 36. Nf3 Rab8 37. Rc2 h6 38. Rec1 Bd6 39. Ne1 Rb3 40. Nd3 Rf8 41.
Kh2 Qc7 42. c4 f3 43. gxf3 Bc5 44. Rg1 Kh7 45. Rg3 g5 46. Kg2 Bd4 47. c5 Rfb8
48. Kh2 Qc8 49. c6 Rb1 50. Rg1 Rxg1 51. Kxg1 Qxh3 52. c7 Rc8 53. Nc1 Qd7 54.
Qd3 Rxc7 55. Rxc7  1/2-1/2

[Event "2. BUNDESLIGA MITTE 2019/2020"]
[Site "St. Veit"]
[Date "2020.01.10"]
[Round "7"]
[Board "5"]
[White "Hoelzl, Franz"]
[Black "Danner, Georg"]
[Result "1/2-1/2"]
[WhiteElo "2296"]
[BlackElo "2310"]
[PlyCount "60"]
[EventDate "2019.10.11"]
[EventType "team"]
[EventRounds "11"]
[EventCountry "AUT"]
[WhiteTeam "SV Aspernig Transporte St. Veit 2"]
[BlackTeam "SC Pinggau-Friedberg"]

1. d4 Nf6 2. Nf3 c5 3. d5 g6 4. g3 d6 5. Bg2 Bg7 6. O-O O-O 7. c4 e6 8. dxe6
Bxe6 9. Ng5 Nc6 10. Nxe6 fxe6 11. Nc3 Qe7 12. Bg5 Rad8 13. Qd2 Ne5 14. b3 Nf7
15. Bxf6 Bxf6 16. Rad1 Rd7 17. Ne4 b6 18. h4 Bg7 19. Bh3 Rdd8 20. Qe3 d5 21.
Ng5 Nxg5 22. Qxg5 Rfe8 23. Qg4 d4 24. Bg2 Rf8 25. Be4 Rf6 26. Kg2 Rdf8 27. Rd3
Qd6 28. h5 gxh5 29. Qxh5 Rh6 30. Qg4 Qe5  1/2-1/2

[Event "2. BUNDESLIGA MITTE 2019/2020"]
[Site "St. Veit"]
[Date "2020.01.10"]
[Round "7"]
[Board "6"]
[White "Schieder, Andreas"]
[Black "Ceschia, Ivano"]
[Result "0-1"]
[WhiteElo "2188"]
[BlackElo "2211"]
[PlyCount "74"]
[EventDate "2019.10.11"]
[EventType "team"]
[EventRounds "11"]
[EventCountry "AUT"]
[WhiteTeam "SC Pinggau-Friedberg"]
[BlackTeam "SV Aspernig Transporte St. Veit 2"]

1. d4 e6 2. f4 Nf6 3. e3 c5 4. c3 b6 5. Nd2 Bb7 6. Nh3 Be7 7. Nf3 d6 8. Bd3
Nbd7 9. O-O Qc7 10. Qe2 Ne4 11. Nfg5 Ndf6 12. f5 Nxg5 13. Nxg5 h6 14. Nxf7 Kxf7
15. fxe6+ Kxe6 16. e4 cxd4 17. cxd4 Rhe8 18. Bd2 Kf7 19. Rac1 Qd8 20. Qh5+ Kg8
21. Qg6 Qd7 22. e5 Qg4 23. exf6 Qxg6 24. Bxg6 Bxf6 25. Bxe8 Bxd4+ 26. Kh1 Rxe8
27. Rfe1 Rf8 28. Rc7 Bxg2+ 29. Kxg2 Rf2+ 30. Kh3 Rxd2 31. Rxa7 Rxb2 32. a4 Be5
33. Rh1 Ra2 34. Ra6 Kh7 35. Rxb6 Rxa4 36. Rd1 h5 37. Rbb1 g5  0-1

[Event "2. BUNDESLIGA MITTE 2019/2020"]
[Site "St. Veit"]
[Date "2020.01.10"]
[Round "7"]
[Board "1"]
[White "Tratar, Marko"]
[Black "Haba, Petr"]
[Result "1/2-1/2"]
[WhiteElo "2443"]
[BlackElo "2470"]
[PlyCount "64"]
[EventDate "2019.10.11"]
[EventType "team"]
[EventRounds "11"]
[EventCountry "AUT"]
[WhiteTeam "Frauental"]
[BlackTeam "SPG Sparkasse SEDDA Grieskirchen/Schalle"]

1. Nf3 d5 2. g3 Nd7 3. d4 b5 4. Bg2 e6 5. e4 dxe4 6. Ng5 Ngf6 7. O-O Rb8 8. Nc3
Be7 9. Ncxe4 O-O 10. c3 h6 11. Nxf6+ Nxf6 12. Ne4 Nxe4 13. Bxe4 Bb7 14. Bxb7
Rxb7 15. Qg4 Kh8 16. Re1 Bf6 17. Qe4 Qd5 18. Qxd5 exd5 19. a3 Rd8 20. Bf4 c6
21. h4 Kg8 22. b4 g5 23. hxg5 hxg5 24. Be5 Be7 25. g4 a5 26. bxa5 Ra8 27. a4 f6
28. Bg3 Rxa5 29. axb5 Rxa1 30. Rxa1 cxb5 31. Rb1 Kf7 32. Kf1 Ke6  1/2-1/2

[Event "2. BUNDESLIGA MITTE 2019/2020"]
[Site "St. Veit"]
[Date "2020.01.10"]
[Round "7"]
[Board "2"]
[White "Kilgus, Georg"]
[Black "Schachinger, Mario"]
[Result "1-0"]
[WhiteElo "2438"]
[BlackElo "2402"]
[PlyCount "30"]
[EventDate "2019.10.11"]
[EventType "team"]
[EventRounds "11"]
[EventCountry "AUT"]
[WhiteTeam "SPG Sparkasse SEDDA Grieskirchen/Schalle"]
[BlackTeam "Frauental"]

1. e4 c5 2. Nf3 d6 3. Bb5+ Nd7 4. d4 cxd4 5. Qxd4 a6 6. Bxd7+ Bxd7 7. Nc3 Rc8
8. O-O e5 9. Qd3 h6 10. Nd2 Qc7 11. Rd1 Nf6 12. Nf1 Be7 13. Ne3 Be6 14. a4 O-O
15. a5 Rfd8 (15... Rfe8 16. Bd2 Bc4 17. Nxc4 Qxc4 18. Be1 Qxd3 19. Rxd3 Rc4 20.
f3 Rec8 21. Kf1 Kf8 22. Ke2 Bd8 23. Rxd6 Rd4 24. Rxd4 exd4 25. Na4 Rxc2+ 26.
Kf1 Bc7 27. b4 Bxh2 28. Nc5 Nh5 29. Nxb7 Ng3+ 30. Bxg3 Bxg3 31. Nc5 Rf2+ 32.
Kg1 Rb2 33. Nxa6 d3 34. Nc5 d2 35. Kf1 Rxb4 36. Ke2 Rd4 37. a6 Bb8 38. Nb3 Rb4
39. Nxd2 Ba7 40. Ra3 Ke8 41. Nb3 Kd7 42. Kd3 Kc7 43. Nd2 Rd4+ 44. Kc3 Rd6 45.
Nc4 Rc6 46. Kd3 h5 47. Ne3 g6 48. e5 Kd7 49. Ra4 Ke6 50. Ke4 Rc1 51. Nc4 g5 52.
Na5 Rc3 53. Nc4 Rc1 54. Kd3 Rd1+ 55. Kc3 Rc1+ 56. Kd3 Rd1+ 57. Kc3 Rc1+ 58. Kb3
Kd5 59. Nd6 f6 60. Ra5+ Kc6 61. Nc4 fxe5 62. Rxe5 g4 63. Rxh5 gxf3 64. gxf3 Rf1
65. Rf5)  1-0

[Event "2. BUNDESLIGA MITTE 2019/2020"]
[Site "St. Veit"]
[Date "2020.01.10"]
[Round "7"]
[Board "3"]
[White "Mohr, Georg"]
[Black "Schwabeneder, Florian"]
[Result "1/2-1/2"]
[WhiteElo "2437"]
[BlackElo "2401"]
[PlyCount "63"]
[EventDate "2019.10.11"]
[EventType "team"]
[EventRounds "11"]
[EventCountry "AUT"]
[WhiteTeam "Frauental"]
[BlackTeam "SPG Sparkasse SEDDA Grieskirchen/Schalle"]

1. g3 g6 2. Bg2 Bg7 3. e4 c5 4. Nc3 Nc6 5. d3 d6 6. Be3 Rb8 7. Qd2 b5 8. f4 b4
9. Nd1 Qb6 10. Nf3 e6 11. O-O Nge7 12. a3 a5 13. axb4 axb4 14. e5 Nf5 15. g4
Nfd4 16. exd6 Nxf3+ 17. Bxf3 Nd4 18. Bg2 Qxd6 19. Nf2 f5 20. Ra7 O-O 21. gxf5
exf5 22. Nh3 h6 23. Qf2 Re8 24. Kh1 Re7 25. Rxe7 Qxe7 26. Bxd4 Bxd4 27. Re1
Bxf2 28. Rxe7 Bd4 29. Bd5+ Kf8 30. Rc7 Ba6 31. Rf7+ Ke8 32. Ra7  1/2-1/2

[Event "2. BUNDESLIGA MITTE 2019/2020"]
[Site "St. Veit"]
[Date "2020.01.10"]
[Round "7"]
[Board "4"]
[White "Webersberger, Johann"]
[Black "Krebs, Johann"]
[Result "1-0"]
[WhiteElo "2367"]
[BlackElo "2226"]
[PlyCount "139"]
[EventDate "2019.10.11"]
[EventType "team"]
[EventRounds "11"]
[EventCountry "AUT"]
[WhiteTeam "SPG Sparkasse SEDDA Grieskirchen/Schalle"]
[BlackTeam "Frauental"]

1. b3 Nf6 2. Bb2 g6 3. c4 Bg7 4. g3 c5 5. Bg2 Nc6 6. Nf3 d6 7. O-O O-O 8. e3
Bf5 9. d3 Qd7 10. Nc3 Bh3 11. Qe2 Qf5 12. Bxh3 Qxh3 13. Ng5 Qd7 14. Nge4 Nxe4
15. dxe4 Qe6 16. f3 Rac8 17. Kg2 Qe5 18. Rad1 f5 19. f4 Qe6 20. exf5 Rxf5 21.
Qf3 Rcf8 22. Rfe1 Rh5 23. g4 Ne5 24. Qd5 Qxd5+ 25. Nxd5 Nxg4 26. Nxe7+ Kf7 27.
Bxg7 Kxg7 28. h3 Nf6 29. Rxd6 Rf7 30. Nd5 Ne8 31. Re6 Kf8 32. Rd1 Ng7 33. Rf6
Nf5 34. Rxf7+ Kxf7 35. Rd3 Nh4+ 36. Kf2 Nf5 37. e4 Nd6 38. Re3 b5 39. cxb5
Nxe4+ 40. Rxe4 Rxd5 41. Ra4 Kf6 42. Rxa7 Rd4 43. Ra4 Rd3 44. b6 Rd8 45. b7 Rb8
46. Ra6+ Ke7 47. Rc6 Rxb7 48. Rxc5 Kd6 49. Ra5 Rc7 50. Kg3 Rc1 51. b4 Rg1+ 52.
Kf2 Rb1 53. a3 Rb3 54. Kg2 Kc6 55. Ra7 Kd5 56. Rxh7 Rxa3 57. Rg7 Ke4 58. Rxg6
Kxf4 59. Rg4+ Kf5 60. Rc4 Rb3 61. h4 Rb2+ 62. Kf3 Rb3+ 63. Ke2 Ke5 64. Kd2 Kd5
65. Rg4 Rh3 66. Kc2 Kc6 67. Rd4 Kb5 68. Kd2 Ka4 69. Ke2 Rg3 70. Kf2  1-0

[Event "2. BUNDESLIGA MITTE 2019/2020"]
[Site "St. Veit"]
[Date "2020.01.10"]
[Round "7"]
[Board "5"]
[White "Khalakhan, Jurij"]
[Black "Singer, Christoph"]
[Result "0-1"]
[WhiteElo "2249"]
[BlackElo "2338"]
[PlyCount "54"]
[EventDate "2019.10.11"]
[EventType "team"]
[EventRounds "11"]
[EventCountry "AUT"]
[WhiteTeam "Frauental"]
[BlackTeam "SPG Sparkasse SEDDA Grieskirchen/Schalle"]

1. c4 e6 2. Nc3 d5 3. d4 Nf6 4. cxd5 exd5 5. Bg5 Be7 6. Qc2 O-O 7. e3 Nbd7 8.
Bd3 Re8 9. Nge2 Nf8 10. O-O c6 11. f3 b5 12. a4 b4 13. Nb1 Bb7 14. Nd2 N6d7 15.
Bf4 c5 16. dxc5 Nxc5 17. Bb5 Nfd7 18. Nd4 Rc8 19. N2b3 a6 20. Nxc5 Rxc5 21. Qf5
axb5 22. axb5 g5 23. Qd3 Qb6 24. Kh1 Rc4 25. g4 Nc5 26. Qd1 Ne6 27. Be5 f6  0-1

[Event "2. BUNDESLIGA MITTE 2019/2020"]
[Site "St. Veit"]
[Date "2020.01.10"]
[Round "7"]
[Board "6"]
[White "Lentrodt, Thomas"]
[Black "Ebner, Hubert"]
[Result "1/2-1/2"]
[WhiteElo "2251"]
[BlackElo "2210"]
[PlyCount "60"]
[EventDate "2019.10.11"]
[EventType "team"]
[EventRounds "11"]
[EventCountry "AUT"]
[WhiteTeam "SPG Sparkasse SEDDA Grieskirchen/Schalle"]
[BlackTeam "Frauental"]

1. d4 Nf6 2. c4 g6 3. Nc3 d5 4. Nf3 Bg7 5. cxd5 Nxd5 6. Qb3 Nxc3 7. bxc3 c5 8.
e3 O-O 9. Be2 Nc6 10. O-O b6 11. Ba3 Na5 12. Qc2 Qc7 13. Rac1 Bb7 14. Rfd1 Rfd8
15. Nd2 Rac8 16. dxc5 bxc5 17. Nb3 Nxb3 18. axb3 Qe5 19. Rxd8+ Rxd8 20. Rd1
Rxd1+ 21. Bxd1 h5 22. Be2 e6 23. c4 Qa1+ 24. Qc1 Qe5 25. Bf1 Bf6 26. Qd2 Qc7
27. h3 Qb6 28. Qd7 Kg7 29. Qb5 Qxb5 30. cxb5 Be7  1/2-1/2

[Event "2. BUNDESLIGA MITTE 2019/2020"]
[Site "St. Veit"]
[Date "2020.01.10"]
[Round "7"]
[Board "1"]
[White "Csonka, Balazs"]
[Black "Horvath, Adam"]
[Result "1/2-1/2"]
[WhiteElo "2481"]
[BlackElo "2487"]
[PlyCount "73"]
[EventDate "2019.10.11"]
[EventType "team"]
[EventRounds "11"]
[EventCountry "AUT"]
[WhiteTeam "Schachfreunde Graz"]
[BlackTeam "EJ Gleisdorf"]

1. e4 c5 2. Nf3 e6 3. d4 cxd4 4. Nxd4 Nc6 5. Nc3 Qc7 6. Be3 a6 7. a3 Be7 8. f4
b5 9. Nxc6 dxc6 10. Qg4 g6 11. e5 c5 12. Bd3 f5 13. Qh3 Bb7 14. O-O-O h5 15.
Bf2 Nh6 16. Bh4 O-O 17. Bxb5 axb5 18. Nxb5 Qc6 19. Bxe7 Qxb5 20. Bxf8 Rxf8 21.
Qg3 Kg7 22. Rd6 Bd5 23. Rd1 Ng4 24. h3 h4 25. Qe1 Qc4 26. hxg4 Qxf4+ 27. Kb1
Qxg4 28. Rd7+ Kh6 29. Qd2+ f4 30. Rxd5 exd5 31. Qxd5 f3 32. gxf3 Qxf3 33. Qd6
Rf4 34. e6 Re4 35. Qd8 h3 36. e7 Rxe7 37. Rd3  1/2-1/2

[Event "2. BUNDESLIGA MITTE 2019/2020"]
[Site "St. Veit"]
[Date "2020.01.10"]
[Round "7"]
[Board "2"]
[White "Heinemann, Thies"]
[Black "Huber, Martin Christian"]
[Result "1-0"]
[WhiteElo "2501"]
[BlackElo "2343"]
[PlyCount "109"]
[EventDate "2019.10.11"]
[EventType "team"]
[EventRounds "11"]
[EventCountry "AUT"]
[WhiteTeam "EJ Gleisdorf"]
[BlackTeam "Schachfreunde Graz"]

1. e4 c5 2. Nf3 e6 3. g3 Nc6 4. Bg2 Nf6 5. Qe2 e5 6. c3 Be7 7. O-O O-O 8. d3 h6
9. Nbd2 Re8 10. a4 Bf8 11. Nc4 d5 12. exd5 Qxd5 13. Nfd2 Bg4 14. Qxg4 Qxg2+ 15.
Kxg2 Nxg4 16. Ne4 Rad8 17. f3 Nf6 18. Nf2 Nd5 19. Re1 f5 20. Ra3 b6 21. Rb3 Nc7
22. Kf1 g6 23. Ra3 Nd5 24. Re2 Kg7 25. Bd2 Kf6 26. Ra1 Re6 27. Rae1 Rde8 28.
Bc1 Bg7 29. Nd1 Rd8 30. Rg2 Rde8 31. Nde3 Nxe3+ 32. Bxe3 Rd8 33. Rd2 Bf8 34.
Ra1 Ne7 35. Bf2 Nd5 36. Rdd1 e4 37. dxe4 fxe4 38. Ke2 Ree8 39. f4 g5 40. fxg5+
Kxg5 41. h3 h5 42. Rd2 Nf6 43. Be3+ Kg6 44. Rad1 Rxd2+ 45. Rxd2 Kf5 46. Bf4 Ke6
47. Bg5 Nd5 48. Ne3 Nxe3 49. Kxe3 Kf5 50. Rd5+ Re5 51. g4+ hxg4 52. hxg4+ Ke6
53. Rxe5+ Kxe5 54. c4 Bg7 55. b3  1-0

[Event "2. BUNDESLIGA MITTE 2019/2020"]
[Site "St. Veit"]
[Date "2020.01.10"]
[Round "7"]
[Board "3"]
[White "Kravanja, Georg"]
[Black "Frosch, Ronald"]
[Result "0-1"]
[WhiteElo "2282"]
[BlackElo "2261"]
[PlyCount "48"]
[EventDate "2019.10.11"]
[EventType "team"]
[EventRounds "11"]
[EventCountry "AUT"]
[WhiteTeam "Schachfreunde Graz"]
[BlackTeam "EJ Gleisdorf"]

1. d4 d5 2. c4 e6 3. Nf3 Nf6 4. g3 b6 5. cxd5 exd5 6. Bg2 Be7 7. O-O O-O 8. Nc3
Bb7 9. Ne5 c6 10. Bf4 Nbd7 11. Rc1 Rc8 12. Qa4 Nxe5 13. Bxe5 a5 14. Qb3 b5 15.
Rfd1 Ba6 16. e4 b4 17. Bxf6 Bxf6 18. Na4 dxe4 19. Bxe4 Bxd4 20. Qf3 Qf6 21. Nc5
Bb5 22. Bxh7+ Kh8 23. Qh5 Qxf2+ 24. Kh1 Be2  0-1

[Event "2. BUNDESLIGA MITTE 2019/2020"]
[Site "St. Veit"]
[Date "2020.01.10"]
[Round "7"]
[Board "4"]
[White "Wanderer, Thomas"]
[Black "Teuschler, Barbara"]
[Result "1-0"]
[WhiteElo "2229"]
[BlackElo "2119"]
[PlyCount "73"]
[EventDate "2019.10.11"]
[EventType "team"]
[EventRounds "11"]
[EventCountry "AUT"]
[WhiteTeam "EJ Gleisdorf"]
[BlackTeam "Schachfreunde Graz"]

1. Nf3 Nf6 2. c4 b6 3. b3 Bb7 4. Bb2 e6 5. g3 Be7 6. Bg2 O-O 7. O-O d6 8. d4
Nbd7 9. Nc3 Ne4 10. Qd3 Nxc3 11. Bxc3 Bf6 12. Ng5 Bxg5 13. Bxb7 Rb8 14. Bc6 Bf6
15. f4 Qe7 16. e4 Rbd8 17. Qf3 e5 18. fxe5 dxe5 19. d5 Nb8 20. Ba4 c5 21. a3
Na6 22. Rf2 Bg5 23. h4 Bh6 24. Re1 g6 25. Qg4 Bg7 26. Ref1 Rd6 27. Bd2 Nc7 28.
Bg5 f6 29. Be3 f5 30. exf5 gxf5 31. Rxf5 Rg6 32. Rxf8+ Bxf8 33. Qf3 Bg7 34. Bg5
Qd6 35. Qf7+ Kh8 36. Kg2 h6 37. Be7  1-0

[Event "2. BUNDESLIGA MITTE 2019/2020"]
[Site "St. Veit"]
[Date "2020.01.10"]
[Round "7"]
[Board "5"]
[White "Kastner, Walter"]
[Black "Manhardt, Thomas"]
[Result "1-0"]
[WhiteElo "2206"]
[BlackElo "2289"]
[PlyCount "53"]
[EventDate "2019.10.11"]
[EventType "team"]
[EventRounds "11"]
[EventCountry "AUT"]
[WhiteTeam "Schachfreunde Graz"]
[BlackTeam "EJ Gleisdorf"]

1. d4 f5 2. Bg5 g6 3. h4 Bg7 4. Nc3 Nh6 5. e3 Nf7 6. Nf3 c6 7. Qd2 d5 8. Bf4 h6
9. Be2 Nd7 10. O-O-O b5 11. Bxb5 cxb5 12. Nxd5 Nd6 13. Ne5 Bb7 14. Nxg6 Bxd5
15. e4 Nxe4 16. Qb4 Rg8 17. Bc7 a5 18. Qxb5 Qxc7 19. Qxd5 Ndf6 20. Qxa8+ Kf7
21. Ne5+ Qxe5 22. Qxg8+ Nxg8 23. dxe5 Nxf2 24. Rhf1 Nxd1 25. Rxd1 a4 26. Rd5
Ke6 27. Rd8  1-0

[Event "2. BUNDESLIGA MITTE 2019/2020"]
[Site "St. Veit"]
[Date "2020.01.10"]
[Round "7"]
[Board "6"]
[White "Wegerer, Fred"]
[Black "Kristoferitsch, Daniel"]
[Result "0-1"]
[WhiteElo "2166"]
[BlackElo "2108"]
[PlyCount "110"]
[EventDate "2019.10.11"]
[EventType "team"]
[EventRounds "11"]
[EventCountry "AUT"]
[WhiteTeam "EJ Gleisdorf"]
[BlackTeam "Schachfreunde Graz"]

1. Nf3 Nf6 2. c4 c5 3. g3 Nc6 4. Bg2 g6 5. Nc3 Bg7 6. d3 a6 7. Bg5 d6 8. Qc1
O-O 9. Bh6 Ng4 10. Bxg7 Kxg7 11. h3 Nf6 12. O-O Rb8 13. a4 e5 14. Nd2 Be6 15.
b3 Qd7 16. Kh2 b6 17. Nde4 Ng8 18. Ng5 h6 19. Nxe6+ fxe6 20. e3 Nge7 21. Ra2 d5
22. cxd5 exd5 23. Ne2 d4 24. e4 Nb4 25. Rd2 Qe6 26. Qc4 Qd6 27. f4 b5 28. axb5
axb5 29. Qc1 Nec6 30. f5 gxf5 31. exf5 Ne7 32. Be4 Nbd5 33. g4 Ne3 34. Rf3 Ng8
35. Ra2 Rf7 36. Ng3 Nf6 37. Qa1 c4 38. bxc4 bxc4 39. Ra6 Rb6 40. Rxb6 Qxb6 41.
dxc4 Ra7 42. Qc1 Ra2+ 43. Kh1 Nxe4 44. Nxe4 Qb7 45. f6+ Kf8 46. Qe1 Ng2 47. Qc1
Nf4 48. Qe1 Ng2 49. Qc1 Nf4 50. Qe1 Re2 51. Qa1 Qxe4 52. Qa3+ Kg8 53. f7+ Kh7
54. f8=N+ Kg8 55. Nd7 Qb1+  0-1

[Event "2. BUNDESLIGA MITTE 2019/2020"]
[Site "St. Veit"]
[Date "2020.01.11"]
[Round "8"]
[Board "1"]
[White "Mostbauer, Maximilian"]
[Black "Horvath, Adam"]
[Result "0-1"]
[WhiteElo "2225"]
[BlackElo "2487"]
[PlyCount "68"]
[EventDate "2019.10.11"]
[EventType "team"]
[EventRounds "11"]
[EventCountry "AUT"]
[WhiteTeam "SPG Nettingsdorf/Traun"]
[BlackTeam "EJ Gleisdorf"]

1. d4 Nf6 2. Nf3 e6 3. g3 b5 4. Bg2 Bb7 5. O-O c5 6. c3 Na6 7. Bg5 Be7 8. Nbd2
O-O 9. Bxf6 Bxf6 10. e4 cxd4 11. cxd4 Qb6 12. a4 Rfc8 13. axb5 Qxb5 14. Qa4
Qxa4 15. Rxa4 Nc7 16. Rfa1 Nb5 17. Bf1 a6 18. e5 Be7 19. Bd3 f5 20. exf6 gxf6
21. Be4 Bxe4 22. Nxe4 d5 23. Nc5 Bxc5 24. dxc5 Rxc5 25. Rxa6 Rxa6 26. Rxa6 Kf7
27. Rb6 e5 28. Rb7+ Ke6 29. Rb6+ Ke7 30. Rb7+ Kd6 31. Nh4 d4 32. g4 d3 33. b4
d2 34. bxc5+ Kc6  0-1

[Event "2. BUNDESLIGA MITTE 2019/2020"]
[Site "St. Veit"]
[Date "2020.01.11"]
[Round "8"]
[Board "2"]
[White "Heinemann, Thies"]
[Black "Gelbenegger, Patrick"]
[Result "1-0"]
[WhiteElo "2501"]
[BlackElo "2259"]
[PlyCount "103"]
[EventDate "2019.10.11"]
[EventType "team"]
[EventRounds "11"]
[EventCountry "AUT"]
[WhiteTeam "EJ Gleisdorf"]
[BlackTeam "SPG Nettingsdorf/Traun"]

1. e4 e5 2. Nf3 Nc6 3. Bb5 a6 4. Bxc6 dxc6 5. O-O Bg4 6. h3 h5 7. d3 Qf6 8. Be3
Bxf3 9. Qxf3 Qxf3 10. gxf3 Bd6 11. Nd2 Ne7 12. Nc4 Ng6 13. Rfd1 O-O-O 14. Kf1
Nf8 15. f4 exf4 16. Nxd6+ cxd6 17. Bxf4 Ne6 18. Be3 Kc7 19. Ke2 g6 20. Rg1 d5
21. f3 dxe4 22. fxe4 Nd4+ 23. Bxd4 Rxd4 24. Raf1 Rd7 25. Rf6 Re8 26. Rgf1 Ree7
27. Ke3 Kb6 28. d4 Kb5 29. Kd3 Kb6 30. h4 Kc7 31. R1f4 Kd8 32. c4 Ke8 33. b4
Rd8 34. a4 Red7 35. e5 Re7 36. Kc3 Rdd7 37. c5 Rc7 38. Kc4 Rc8 39. Rf3 Rcc7 40.
b5 axb5+ 41. axb5 cxb5+ 42. Kxb5 Rcd7 43. Kc4 Rd8 44. e6 fxe6 45. Rxg6 Rd5 46.
Rg8+ Kd7 47. Rb8 Kc7 48. Rff8 Kc6 49. Rfc8+ Rc7 50. Re8 Rf5 51. Rxe6+ Kd7 52.
Rbe8  1-0

[Event "2. BUNDESLIGA MITTE 2019/2020"]
[Site "St. Veit"]
[Date "2020.01.11"]
[Round "8"]
[Board "3"]
[White "Gaertner, Markus"]
[Black "Frosch, Ronald"]
[Result "0-1"]
[WhiteElo "2139"]
[BlackElo "2261"]
[PlyCount "45"]
[EventDate "2019.10.11"]
[EventType "team"]
[EventRounds "11"]
[EventCountry "AUT"]
[WhiteTeam "SPG Nettingsdorf/Traun"]
[BlackTeam "EJ Gleisdorf"]

1. d4 d5 2. c4 e6 3. Nc3 Nf6 4. cxd5 exd5 5. Bg5 Be7 6. e3 O-O 7. Bd3 c6 8.
Nge2 Nbd7 9. Qc2 Re8 10. O-O Nf8 11. f3 Ng6 12. e4 dxe4 13. fxe4 Ng4 14. Bxe7
Qxe7 15. Bc4 Be6 16. Bxe6 fxe6 17. Rf3 Rf8 18. Raf1 Nh4 19. Rxf8+ Rxf8 20.
Rxf8+ Qxf8 21. Nd1 Qd6 22. g3 Nf3+ 23. Kg2  0-1

[Event "2. BUNDESLIGA MITTE 2019/2020"]
[Site "St. Veit"]
[Date "2020.01.11"]
[Round "8"]
[Board "4"]
[White "Wanderer, Thomas"]
[Black "Schloffer, Jasmin-Denise"]
[Result "1-0"]
[WhiteElo "2229"]
[BlackElo "2084"]
[PlyCount "45"]
[EventDate "2019.10.11"]
[EventType "team"]
[EventRounds "11"]
[EventCountry "AUT"]
[WhiteTeam "EJ Gleisdorf"]
[BlackTeam "SPG Nettingsdorf/Traun"]

1. Nf3 Nf6 2. c4 e6 3. g3 Be7 4. Bg2 O-O 5. O-O d5 6. b3 b6 7. Bb2 c5 8. e3 Bb7
9. Qe2 Qc8 10. Nc3 Rd8 11. d3 Nc6 12. Rfd1 d4 13. exd4 Nxd4 14. Nxd4 Bxg2 15.
Nxe6 Rd6 16. Nf4 Bb7 17. Qxe7 Qc6 18. Ncd5 Nxd5 19. cxd5 Rxd5 20. Nxd5 Qxd5 21.
Qe4 Qd7 22. Qf4 Qd5 23. f3  1-0

[Event "2. BUNDESLIGA MITTE 2019/2020"]
[Site "St. Veit"]
[Date "2020.01.11"]
[Round "8"]
[Board "5"]
[White "Poell, Markus"]
[Black "Manhardt, Thomas"]
[Result "0-1"]
[WhiteElo "2121"]
[BlackElo "2289"]
[PlyCount "96"]
[EventDate "2019.10.11"]
[EventType "team"]
[EventRounds "11"]
[EventCountry "AUT"]
[WhiteTeam "SPG Nettingsdorf/Traun"]
[BlackTeam "EJ Gleisdorf"]

1. d4 f5 2. Bg5 g6 3. Nc3 Bg7 4. h4 d5 5. Qd2 c6 6. O-O-O Nd7 7. f3 h6 8. Bf4
Ngf6 9. Nh3 Nb6 10. e3 Be6 11. Be5 Nbd7 12. Bh2 Bf7 13. Nf2 Qa5 14. Kb1 Qd8 15.
Nd3 b5 16. Ne5 Nxe5 17. Bxe5 Qd7 18. Bd3 h5 19. Qe2 a6 20. e4 fxe4 21. fxe4 O-O
22. exd5 cxd5 23. Qd2 Ng4 24. Bxg7 Kxg7 25. Rde1 Rae8 26. Rhf1 e5 27. dxe5 Nxe5
28. Be2 d4 29. Nd1 Qd5 30. b3 Be6 31. Qg5 Ng4 32. Rxf8 Qxg5 33. Rxe8 Qxh4 34.
Rf1 Bf5 35. Ra8 Qg3 36. Ra7+ Kh6 37. Rxa6 Qxg2 38. Re1 b4 39. Ra7 Nf2 40. Re7
Qc6 41. Bc4 Ne4 42. Bd3 Nd2+ 43. Kb2 Bxd3 44. cxd3 Qa6 45. Nf2 Qa3+ 46. Ka1
Nxb3+ 47. Kb1 Nd2+ 48. Ka1 Qc3#  0-1

[Event "2. BUNDESLIGA MITTE 2019/2020"]
[Site "St. Veit"]
[Date "2020.01.11"]
[Round "8"]
[Board "6"]
[White "Frosch, Erich"]
[Black "Kepplinger, Lukas"]
[Result "1-0"]
[WhiteElo "2188"]
[BlackElo "2021"]
[PlyCount "95"]
[EventDate "2019.10.11"]
[EventType "team"]
[EventRounds "11"]
[EventCountry "AUT"]
[WhiteTeam "EJ Gleisdorf"]
[BlackTeam "SPG Nettingsdorf/Traun"]

1. d4 Nf6 2. Nf3 d5 3. g3 c6 4. Bg2 Bf5 5. O-O Nbd7 6. b3 e6 7. Bb2 Be7 8. Nbd2
O-O 9. Ne5 Rc8 10. c4 Nxe5 11. dxe5 Nd7 12. e4 dxe4 13. Nxe4 Nc5 14. Nd6 Bxd6
15. exd6 Qa5 16. Qd4 f6 17. Bc3 Qa3 18. Qd2 Nd3 19. Qe3 Qxd6 20. Qxa7 Qe7 21.
Rfd1 Rfd8 22. Rd2 Ra8 23. Qe3 Nb4 24. Rxd8+ Rxd8 25. Qb6 Nxa2 26. Ba5 Rd7 27.
c5 Bc2 28. Bf3 Rd3 29. Rxa2 Bxb3 30. Rb2 Bd5 31. Be2 Ra3 32. Rb1 Be4 33. Rd1 h6
34. Qd8+ Qxd8 35. Bxd8 Bd5 36. f4 Ra2 37. Kf1 Rc2 38. Bb6 Ra2 39. h4 Kf7 40.
Bc7 Ra7 41. h5 g5 42. Rb1 Be4 43. Rb2 Ra1+ 44. Kf2 Rb1 45. Rxb1 Bxb1 46. Ke3
gxf4+ 47. gxf4 Bf5 48. Kd4  1-0

[Event "2. BUNDESLIGA MITTE 2019/2020"]
[Site "St. Veit"]
[Date "2020.01.11"]
[Round "8"]
[Board "1"]
[White "Haba, Petr"]
[Black "Csonka, Balazs"]
[Result "0-1"]
[WhiteElo "2470"]
[BlackElo "2481"]
[PlyCount "79"]
[EventDate "2019.10.11"]
[EventType "team"]
[EventRounds "11"]
[EventCountry "AUT"]
[WhiteTeam "SPG Sparkasse SEDDA Grieskirchen/Schalle"]
[BlackTeam "Schachfreunde Graz"]

1. e4 e5 2. Nf3 Nc6 3. Bb5 a6 4. Ba4 Nf6 5. O-O Be7 6. Re1 b5 7. Bb3 d6 8. c3
O-O 9. d4 Bg4 10. Be3 Bh5 11. h3 exd4 12. cxd4 Na5 13. Bc2 Nc4 14. Bc1 d5 15.
e5 Ne4 16. Bd3 c5 17. Nc3 Nxc3 18. bxc3 cxd4 19. cxd4 Rc8 20. Bf5 Rc6 21. g4
Bg6 22. Kg2 Bxf5 23. gxf5 Qc8 24. Qd3 f6 25. e6 Nd6 26. Bf4 Rc3 27. Qb1 Qe8 28.
Bxd6 Bxd6 29. Rc1 Ra3 30. Re1 Qh5 31. Re3 Rxe3 32. fxe3 Rc8 33. Qd3 g6 34. Rg1
gxf5 35. Kf2+ Kf8 36. h4 Ke7 37. Qd1 Qe8 38. Rg7+ Kxe6 39. e4 Bf4 40. exd5+  0-1